Böhm Károly filozófia-felfogása
Elmentve itt :
| Szerző: | |
|---|---|
| Adatforrás: | Meister |
| Forrásdokumentuma: | Erdélyi Múzeum. - 1-2 sz., 1996, 126-136 p. |
| Nyelv: | magyar |
| Kulcsszavak: | filozófiatörténet filozófia neokantianizmus öntudat érték ismeretelmélet BÖHM Károly HARTMANN Eduard von LIEBMANN Otto RICKERT Heinrich NATORP Paul |
| LEADER | 00656nab a2200241 i 4500 | ||
|---|---|---|---|
| 001 | bibPRO00008230 | ||
| 008 | 060524s1996 xx hun | ||
| 040 | |a Sz1 | ||
| 041 | |a hun | ||
| 100 | 1 | |a UNGVÁRI ZRÍNYI Imre | |
| 245 | 1 | 0 | |a Böhm Károly filozófia-felfogása |c UNGVÁRI ZRÍNYI Imre |
| 695 | |a filozófiatörténet | ||
| 695 | |a filozófia | ||
| 695 | |a neokantianizmus | ||
| 695 | |a öntudat | ||
| 695 | |a érték | ||
| 695 | |a ismeretelmélet | ||
| 695 | |a BÖHM Károly | ||
| 695 | |a HARTMANN Eduard von | ||
| 695 | |a LIEBMANN Otto | ||
| 695 | |a RICKERT Heinrich | ||
| 695 | |a NATORP Paul | ||
| 773 | 0 | |t Erdélyi Múzeum. - |g 1-2 sz., 1996, 126-136 p. | |